Portrait of a lady : an authoritative text Henry James and the novel reviews and criticism ed. by Robert D Bamberg (Record no. 117279)

MARC details
000 -LEADER
fixed length control field 00832nam a2200265Ia 4500
003 - CONTROL NUMBER IDENTIFIER
control field OSt
005 - DATE AND TIME OF LATEST TRANSACTION
control field 20220918111926.0
008 - FIXED-LENGTH DATA ELEMENTS--GENERAL INFORMATION
fixed length control field 220915b |||||||| |||| 00| 0 eng d
037 ## - SOURCE OF ACQUISITION
Terms of availability Textbook
040 ## - CATALOGING SOURCE
Language of cataloging eng
Original cataloging agency ARTS
Transcribing agency ARTS
041 ## - LANGUAGE CODE
Language code of text/sound track or separate title eng
100 ## - MAIN ENTRY--PERSONAL NAME
Personal name James Henry
9 (RLIN) 11257
245 #0 - TITLE STATEMENT
Title Portrait of a lady : an authoritative text Henry James and the novel reviews and criticism ed. by Robert D Bamberg
260 ## - PUBLICATION, DISTRIBUTION, ETC.
Place of publication, distribution, etc. New York
Name of publisher, distributor, etc. W W Norton and Co. USA
300 ## - PHYSICAL DESCRIPTION
Extent ix,757p.
Dimensions cm.
490 ## - SERIES STATEMENT
Series statement Norton critical edition
650 ## - SUBJECT ADDED ENTRY--TOPICAL TERM
Topical term or geographic name entry element ENGLISH LITERATURE
700 ## - ADDED ENTRY--PERSONAL NAME
Personal name Bamberg Robert D. Ed.
9 (RLIN) 11258
942 ## - ADDED ENTRY ELEMENTS (KOHA)
Classification part O111,3M43,36, L5
Koha item type Textbook
Source of classification or shelving scheme Colon Classification (CC)

No items available.

Copyright @ Delhi University Library System